000
00361nam a2200133Ia 4500
008
151001s9999||||xx |||||||||||||| ||und||
100
_a
हरी नारायण आपटे
245
_a
रुपनगरची राजकन्या
250
_a
1
260
_b
पटवर्धन वि अ
260
_c
1970
300
_a
136
365
_b
17
999
_c
958969
_d
958966